000 00392nam a2200133Ia 4500
005 20260328101450.0
008 260328s9999||||xx |||||||||||||| ||und||
100 _aFranco, Ángela María
245 0 _aDesarrollos prácticos en ordenamiento territorial :
_b La experiencia De Tuluá /
_cÁngela María Franco
260 _bEscala
300 _a213 p.
650 _aDISEÑO URBANO
942 _cBK
999 _c8641
_d8641